000
00340 a2200121 4500
001
ART_5759
005
20260410161617.0
008
260409a
245
1
0
_a
Entidades de medicina prepaga
100
1
_a
Iacomucci, Norma H.
700
1
_a
González Escudero, Alejandro
773
0
_t
Enfoques
_g
- Nº 3 (mar. 2007)
_w
REV416
999
_c
11225
_d
11225